<?xml version="1.0" encoding="UTF-8"?><?xml-stylesheet type="text/xsl" href="static/style.xsl"?><OAI-PMH xmlns="http://www.openarchives.org/OAI/2.0/" xmlns:xsi="http://www.w3.org/2001/XMLSchema-instance" xsi:schemaLocation="http://www.openarchives.org/OAI/2.0/ http://www.openarchives.org/OAI/2.0/OAI-PMH.xsd"><responseDate>2026-04-14T06:03:09Z</responseDate><request verb="GetRecord" identifier="oai:www.recercat.cat:20.500.14342/5711" metadataPrefix="marc">https://recercat.cat/oai/request</request><GetRecord><record><header><identifier>oai:recercat.cat:20.500.14342/5711</identifier><datestamp>2025-12-20T04:12:40Z</datestamp><setSpec>com_2072_482405</setSpec><setSpec>com_2072_183628</setSpec><setSpec>col_2072_482410</setSpec></header><metadata><record xmlns="http://www.loc.gov/MARC21/slim" xmlns:dcterms="http://purl.org/dc/terms/" xmlns:xsi="http://www.w3.org/2001/XMLSchema-instance" xmlns:doc="http://www.lyncode.com/xoai" xsi:schemaLocation="http://www.loc.gov/MARC21/slim http://www.loc.gov/standards/marcxml/schema/MARC21slim.xsd">
   <leader>00925njm 22002777a 4500</leader>
   <datafield ind2=" " ind1=" " tag="042">
      <subfield code="a">dc</subfield>
   </datafield>
   <datafield ind2=" " ind1=" " tag="720">
      <subfield code="a">Fondevila-Gascón, Joan-Francesc</subfield>
      <subfield code="e">author</subfield>
   </datafield>
   <datafield ind2=" " ind1=" " tag="720">
      <subfield code="a">Gutiérrez-Aragón, Óscar</subfield>
      <subfield code="e">author</subfield>
   </datafield>
   <datafield ind2=" " ind1=" " tag="720">
      <subfield code="a">Lopez-Lopez, David</subfield>
      <subfield code="e">author</subfield>
   </datafield>
   <datafield ind2=" " ind1=" " tag="720">
      <subfield code="a">Curiel, Gonzalo</subfield>
      <subfield code="e">author</subfield>
   </datafield>
   <datafield ind2=" " ind1=" " tag="720">
      <subfield code="a">Alabart Algueró, Júlia</subfield>
      <subfield code="e">author</subfield>
   </datafield>
   <datafield ind2=" " ind1=" " tag="260">
      <subfield code="c">2025</subfield>
   </datafield>
   <datafield ind2=" " ind1=" " tag="520">
      <subfield code="a">Artificial Intelligence (AI) is reshaping the aviation industry, driving efficiency, automation, and innovation across multiple operational domains. This study examines commercial airline passengers’ perceptions of AI’s role in addressing key industry challenges, including air traffic management, predictive maintenance, passenger experience, and sustainability. Using a quantitative approach, a survey was conducted among 320 airline passengers in Spain to assess their attitudes toward AI-driven applications in aviation. The findings reveal strong support for AI in optimizing flight operations, reducing delays, and enhancing security procedures. However, significant skepticism remains regarding AI’s autonomy in decision-making, particularly in pilot replacement and automated flight rerouting. Statistical analyses indicate that younger and frequent travelers exhibit higher confidence in AI’s potential, whereas older passengers demonstrate greater reluctance toward AI-driven automation. Additionally, AI is perceived as a crucial enabler of environmental sustainability, with respondents acknowledging its role in reducing fuel consumption and emissions. These insights provide valuable implications for policymakers, airlines, and technology developers seeking to align AI adoption with passenger expectations while ensuring safety, efficiency, and regulatory compliance. The study highlights the need for a balanced approach that integrates AI’s technological advancements with human oversight to foster trust and acceptance in the future of AI-powered aviation.</subfield>
   </datafield>
   <datafield ind1="8" ind2=" " tag="024">
      <subfield code="a">http://hdl.handle.net/20.500.14342/5711</subfield>
   </datafield>
   <datafield ind1="8" ind2=" " tag="024">
      <subfield code="a">https://doi.org/10.1016/j.jairtraman.2025.102874</subfield>
   </datafield>
   <datafield tag="653" ind2=" " ind1=" ">
      <subfield code="a">Artificial Intelligence</subfield>
   </datafield>
   <datafield tag="653" ind2=" " ind1=" ">
      <subfield code="a">Air Traffic Management</subfield>
   </datafield>
   <datafield tag="653" ind2=" " ind1=" ">
      <subfield code="a">Predictive Maintenance</subfield>
   </datafield>
   <datafield tag="653" ind2=" " ind1=" ">
      <subfield code="a">Passenger Experience</subfield>
   </datafield>
   <datafield tag="653" ind2=" " ind1=" ">
      <subfield code="a">Aviation Sustainability</subfield>
   </datafield>
   <datafield ind2="0" ind1="0" tag="245">
      <subfield code="a">Passenger perceptions of Artificial Intelligence in airline operations: Implications for air transport management</subfield>
   </datafield>
</record></metadata></record></GetRecord></OAI-PMH>